| 000 | 00602nam a2200193 i 4500 | ||
|---|---|---|---|
| 001 | 150345 | ||
| 003 | ES-MaACL | ||
| 005 | 20250914062535.0 | ||
| 007 | t| | ||
| 008 | 071030s1981 sp ||||1| spa d | ||
| 100 | 1 |
_aVal, José María del. _9112423 |
|
| 245 | 1 | 0 |
_aLlegará tarde a Hendaya _b: novela / _cJosé María del Val (Seud.). |
| 260 |
_a[Barcelona] : _bPlaneta, _c1981. |
||
| 300 |
_a310 p. ; _c19 cm. |
||
| 500 | _aFinalista premio editorial Planeta 1981. | ||
| 700 | 1 |
_aMartínez Val, José María, _d1916- _978455 |
|
| 852 |
_aES-MaACL _jL-2147 _bR.102660 |
||
| 999 |
_c150345 _d150345 |
||